Reed's General engineering knowledge for marine engineers, Vol.8 / (Record no. 28981)

000 -LEADER
fixed length control field 00547nam a2200181Ia 4500
003 - CONTROL NUMBER IDENTIFIER
control field OSt
005 - DATE AND TIME OF LATEST TRANSACTION
control field 20250917145314.0
008 - FIXED-LENGTH DATA ELEMENTS--GENERAL INFORMATION
fixed length control field 250310s9999||||xx |||||||||||||| ||und||
040 ## - CATALOGING SOURCE
Transcribing agency .
082 ## - DEWEY DECIMAL CLASSIFICATION NUMBER
Classification number 623.87
Item number J124
100 ## - MAIN ENTRY--PERSONAL NAME
9 (RLIN) 1242
Personal name Jackson, Leslie
245 #0 - TITLE STATEMENT
Title Reed's General engineering knowledge for marine engineers, Vol.8 /
Statement of responsibility, etc. by Leslie Jackson and Thomas D.Morton
260 ## - PUBLICATION, DISTRIBUTION, ETC.
Place of publication, distribution, etc. London :
Name of publisher, distributor, etc. Thomas Reed Publication ltd,
Date of publication, distribution, etc. 1966.
300 ## - PHYSICAL DESCRIPTION
Extent 239 p.
650 #0 - SUBJECT ADDED ENTRY--TOPICAL TERM
9 (RLIN) 2
Topical term or geographic name entry element Marine Engineering
700 ## - ADDED ENTRY--PERSONAL NAME
9 (RLIN) 932
Personal name Morton, Thomas D.
942 ## - ADDED ENTRY ELEMENTS (KOHA)
Koha item type Books
Source of classification or shelving scheme
Holdings
Withdrawn status Lost status Source of classification or shelving scheme Damaged status Not for loan Permanent Location Current Location Date acquired Full call number Barcode Date last seen Price effective from Koha item type
          IMU Kolkata IMU Kolkata 2025-03-10 623.87 J124 G00364 2025-03-10 2025-03-10 Books
Designed and Maintained by IMU-KC Library, Kolkata Campus © Copyright All Rights Reserved

webs counters

Powered by Koha